[Event "CZE Extraliga 2019-20"]
[Site "Czech Republic"]
[Date "2019.12.02"]
[Round "3.5"]
[White "Krejci, Jan"]
[Black "Cerveny, Martin"]
[Result "0-1"]
[WhiteElo "2578"]
[BlackElo "2357"]
[Annotator "ChessBase"]
[PlyCount "110"]
[EventDate "2019.09.15"]
[EventType "team-tourn"]
[EventCountry "CZE"]
[SourceTitle "playchess.com"]
[Source "ChessBase"]
[SourceQuality "1"]
[WhiteTeam "Novoborsky"]
[BlackTeam "Duras"]
[WhiteTeamCountry "CZE"]
[BlackTeamCountry "CZE"]
[TimeControl "40/5400+30:1800+30"]

1. Nf3 {[%emt 0:00:00]} d5 {[%emt 0:00:01]} 2. d4 {[%emt 0:01:11]} Nf6 {[%emt 0:00:07]} 3. Bf4 {[%emt 0:06:27]} e6 {[%emt 0:02:22]} 4. e3 {[%emt 0:00:13]} Bd6 {[%emt 0:02:36]} 5. Bg3 {[%emt 0:01:28]} O-O {[%emt 0:02:00]} 6. Nbd2 {[%emt 0:00:41]} b6 {[%emt 0:00:16]} 7. c4 {[%emt 0:02:32]} Bb7 {[%emt 0:02:14]} 8. Bd3 {[%emt 0:02:45]} Nbd7 {[%emt 0:04:45]} 9. Qc2 {[%emt 0:06:19]} Qe7 {[%emt 0:01:30]} 10. O-O {[%emt 0:04:11]} Bxg3 {[%emt 0:05:36]} 11. hxg3 {[%emt 0:00:06]} c5 {[%emt 0:00:20]} 12. cxd5 {[%emt 0:01:40]} exd5 {[%emt 0:00:43]} 13. dxc5 {[%emt 0:02:43]} bxc5 {[%emt 0:00:43]} 14. Rfd1 {[%emt 0:00:40]} g6 {[%emt 0:10:41]} 15. Rac1 {[%emt 0:02:16]} Rfc8 {[%emt 0:03:17]} 16. Qb3 {[%emt 0:08:58]} Rc7 {[%emt 0:03:26]} 17. Qa3 {[%emt 0:00:14]} Ng4 {[%emt 0:05:29]} 18. Nh2 {[%emt 0:06:14]} h5 {[%emt 0:02:41]} 19. Be2 {[%emt 0:04:06]} Ndf6 {[%emt 0:01:42]} 20. Bf3 {[%emt 0:05:37]} Kg7 {[%emt 0:03:26]} 21. Rc2 {[%emt 0:02:26]} Rac8 {[%emt 0:11:11]} 22. Nb3 {[%emt 0:04:08]} Qd6 {[%emt 0:05:00]} 23. Rdc1 {[%emt 0:06:51]} Nxh2 {[%emt 0:00:59]} 24. Kxh2 {[%emt 0:00:02]} h4 {[%emt 0:00:09]} 25. Rxc5 {[%emt 0:00:27]} Rxc5 {[%emt 0:00:58]} 26. Nxc5 {[%emt 0:00:38]} hxg3+ {[%emt 0:01:00]} 27. fxg3 {[%emt 0:00:47]} g5 {[%emt 0:05:02]} 28. Qb4 {[%emt 0:07:28]} Rh8+ {[%emt 0:04:13]} 29. Kg1 {[%emt 0:00:01]} Bc8 {[%emt 0:00:52]} 30. Qe1 {[%emt 0:03:16]} Bf5 {[%emt 0:04:00]} 31. b4 {[%emt 0:01:36]} g4 {[%emt 0:00:20]} 32. Be2 {[%emt 0:02:23]} Nh5 {[%emt 0:00:07]} 33. Qc3+ {[%emt 0:00:00]} f6 {[%emt 0:00:51]} 34. Bd3 {[%emt 0:04:01]} Nxg3 {[%emt 0:01:20]} 35. Kf2 {[%emt 0:00:01]} Bxd3 {[%emt 0:04:37]} 36. Qxd3 {[%emt 0:00:01]} Rh5 {[%emt 0:00:23]} 37. Rd1 {[%emt 0:08:50]} Qe5 {[%emt 0:01:44]} 38. Ne6+ {[%emt 0:02:10]} Qxe6 {[%emt 0:02:03]} 39. Kxg3 {[%emt 0:00:01]} Qd6+ {[%emt 0:01:31]} 40. Kf2 {[%emt 0:00:28]} g3+ {[%emt 0:02:13]} 41. Ke2 {[%emt 0:33:34]} Qxb4 {[%emt 0:32:11]} 42. Rb1 {[%emt 0:00:00]} Qg4+ {[%emt 0:00:00]} 43. Kd2 {[%emt 0:00:00]} Qe4 {[%emt 0:00:00]} 44. Rb7+ {[%emt 0:00:00]} Kh6 {[%emt 0:00:00]} 45. Qf1 {[%emt 0:00:00]} Kg6 {[%emt 0:00:00]} 46. Qd3 {[%emt 0:00:00]} Rh2 {[%emt 0:00:00]} 47. Qxe4+ {[%emt 0:00:00]} dxe4 {[%emt 0:00:00]} 48. Rxa7 {[%emt 0:00:00]} Rxg2+ {[%emt 0:00:00]} 49. Ke1 {[%emt 0:00:00]} Rb2 {[%emt 0:00:00]} 50. Kf1 {[%emt 0:00:00]} Kg5 {[%emt 0:00:00]} 51. Rg7+ {[%emt 0:00:00]} Kh4 {[%emt 0:00:00]} 52. Rg6 {[%emt 0:00:00]} Kh3 {[%emt 0:00:00]} 53. Rh6+ {[%emt 0:00:00]} Kg4 {[%emt 0:00:00]} 54. Rxf6 {[%emt 0:00:00]} Rxa2 {[%emt 0:00:00]} 55. Rf8 {[%emt 0:00:00]} Rf2+ {[%emt 0:00:00]} 0-1

[Event "CZE Extraliga 2019-20"]
[Site "Czech Republic"]
[Date "2019.11.30"]
[Round "3.5"]
[White "Jurcik, Marian"]
[Black "Simacek, Pavel"]
[Result "1-0"]
[WhiteElo "2486"]
[BlackElo "2486"]
[Annotator "TA"]
[PlyCount "113"]
[EventDate "2019.09.15"]
[EventType "team-tourn"]
[EventCountry "CZE"]
[SourceTitle "playchess.com"]
[Source "ChessBase"]
[SourceQuality "1"]
[WhiteTeam "Siesta Solution Unichess"]
[BlackTeam "Turnov"]

{[%evp 11,113,15,28,21,37,15,14,14,23,22,22,17,20,27,39,30,29,33,39,37,43,19,15,19,29,28,39,32,24,30,41,46,41,41,51,55,85,88,88,84,79,84,92,49,104,98,151,154,313,280,328,336,320,316,295,303,400,392,383,223,434,161,169,169,161,170,176,118,251,245,220,209,268,266,321,286,266,272,294,270,339,330,362,347,414,325,325,313,251,277,488,488,29976,29977,29977,29978,29978,0,29979,29979,29978,29980,29980,29981]} 1. e4 e5 2. Nf3 Nc6 3. Bc4 Nf6 4. d3 Bc5 5. O-O d6 6. c3 a6 7. a4 {C54: Giuoco Piano: 4 c3 Nf6, main lines with 5 d4 and 5 d3} Ba7 8. Na3 h6 9. Nc2 {The position is equal.} O-O 10. Be3 Bxe3 11. Nxe3 Ne7 12. Qc2 Ng4 $146 ({Predecessor:} 12... c6 13. d4 exd4 14. Nxd4 Bd7 {½-½ (63) Cornette,M (2597)-Bacrot,E (2689) London 2016}) 13. d4 exd4 14. Nxg4 Bxg4 15. Nxd4 Qd7 16. Rfe1 c5 17. Ne2 b5 18. Ba2 Be6 19. Nf4 Bxa2 20. Rxa2 Rab8 21. axb5 axb5 22. h3 Rfe8 23. Ra6 b4 24. Rd1 Nc8 25. Nd5 bxc3 26. bxc3 Re6 27. Rb1 Rb7 (27... Rxb1+ $14 28. Qxb1 Re8) 28. Ra8 $16 {[%cal Ba6a8,Ba8b8,Bb8b7][%mdl 32] aiming for Nb6.} Qc6 (28... Re8 $142) 29. Rb8 Ra7 $2 (29... Rxb8 $16 30. Rxb8 Re8) 30. R1b6 $18 Qd7 31. Qb1 Re8 32. R6b7 Rxb7 33. Rxb7 Qa4 34. Rc7 Qa6 35. Qb3 (35. Qd1 $142) 35... c4 $2 (35... Kf8 36. Qd1 Rxe4 37. Rxf7+ {[%mdl 64] Decoy} Kxf7 38. Qf3+ {[%mdl 64] Double Attack} Kg8 39. Qxe4 Nb6 40. Qe6+ Kh8) 36. Rxc4 $2 (36. Qd1) 36... Ne7 37. Rc7 Nxd5 38. Qxd5 $40 {[%mdl 4224] Endgame KQR-KQR. White wants a kill.} ({Don't play} 38. exd5 $6 Qd3 $14) 38... Rf8 {[#]} 39. g3 ({White should try} 39. g4 $1 $18) 39... Qe2 (39... Qa8 $16 {was necessary.} 40. Rb7 Qa1+ 41. Kg2 Qxc3 42. Qxd6 Qa5) 40. Kg2 Qc2 41. c4 Kh8 42. Re7 f5 43. Qd4 {[%csl Ge7][%cal Rd4g7]} ({Much less strong is} 43. Qxd6 Qxc4 44. Qg6 Qd4 $18) 43... Rf6 44. e5 dxe5 45. Rxe5 {Strongly threatening Re8+.} f4 {intending ...fxg3.} 46. g4 ({Less strong is} 46. gxf4 Qb1 $18) 46... Rf8 47. Re6 {Rxh6+ is the strong threat.} f3+ 48. Kh2 Qc1 49. Re7 {[%csl Ge7][%cal Rd4g7]} Qg5 50. Qe5 Qg6 $2 (50... Qf4+ 51. Qxf4 Rxf4) 51. Re6 Qc2 (51... Qg5 $18 52. Qxg5 hxg5) 52. Rxh6+ $1 Kg8 53. Qe6+ Rf7 54. Qe8+ Rf8 {[#]} 55. Rh8+ $3 {[%mdl 576] Deflection, Decoy. White mates.} Kxh8 56. Qxf8+ {[%mdl 64] Double Attack} Kh7 57. Qf5+ {Accuracy: White = 74%, Black = 34%.} 1-0

[Event "CZE Extraliga 2019-20"]
[Site "Czech Republic"]
[Date "2019.11.30"]
[Round "3.5"]
[White "Jansa, Vlastimil"]
[Black "Polak, Tomas"]
[Result "1/2-1/2"]
[WhiteElo "2452"]
[BlackElo "2527"]
[Annotator "ChessBase"]
[PlyCount "142"]
[EventDate "2019.09.15"]
[EventType "team-tourn"]
[EventCountry "CZE"]
[SourceTitle "playchess.com"]
[Source "ChessBase"]
[SourceQuality "1"]
[WhiteTeam "Lysa nad Labem"]
[BlackTeam "Brno"]
[TimeControl "40/5400+30:1800+30"]

1. e4 {[%emt 0:00:00]} e5 {[%emt 0:00:00]} 2. Nf3 {[%emt 0:00:00]} Nc6 {[%emt 0:00:09]} 3. Bb5 {[%emt 0:00:00]} Nge7 {[%emt 0:00:20]} 4. c3 {[%emt 0:01:02]} d5 {[%emt 0:00:32]} 5. Nxe5 {[%emt 0:05:17]} dxe4 {[%emt 0:00:27]} 6. Qe2 {[%emt 0:00:59]} Qd5 {[%emt 0:00:34]} 7. Nxc6 {[%emt 0:01:21]} Nxc6 {[%emt 0:00:17]} 8. d4 {[%emt 0:01:11]} Be6 {[%emt 0:00:33]} 9. Nd2 {[%emt 0:06:08]} O-O-O {[%emt 0:05:28]} 10. O-O {[%emt 0:05:56]} Re8 {[%emt 0:01:26]} 11. Nb3 {[%emt 0:06:42]} Bd7 {[%emt 0:17:59]} 12. Be3 {[%emt 0:07:32]} a6 {[%emt 0:09:22]} 13. c4 {[%emt 0:04:57]} Qf5 {[%emt 0:01:11]} 14. Bxc6 {[%emt 0:05:20]} Bxc6 {[%emt 0:00:13]} 15. d5 {[%emt 0:06:44]} Bd7 {[%emt 0:00:13]} 16. Bc5 {[%emt 0:02:36]} Qe5 {[%emt 0:10:07]} 17. Qe3 {[%emt 0:03:22]} Kb8 {[%emt 0:01:29]} 18. Rae1 {[%emt 0:06:26]} Bd6 {[%emt 0:13:44]} 19. Bxd6 {[%emt 0:00:32]} Qxd6 {[%emt 0:00:29]} 20. Nc5 {[%emt 0:04:40]} f5 {[%emt 0:00:59]} 21. Qd4 {[%emt 0:04:08]} Bc8 {[%emt 0:01:43]} 22. Re3 {[%emt 0:01:16]} Re7 {[%emt 0:06:07]} 23. f3 {[%emt 0:08:55]} b6 {[%emt 0:06:09]} 24. Na4 {[%emt 0:00:33]} exf3 {[%emt 0:05:24]} 25. Rxe7 {[%emt 0:01:33]} Qxe7 {[%emt 0:00:19]} 26. Rxf3 {[%emt 0:00:27]} Re8 {[%emt 0:01:18]} 27. Nc3 {[%emt 0:01:32]} g5 {[%emt 0:02:21]} 28. Rf2 {[%emt 0:01:24]} Qe1+ {[%emt 0:05:04]} 29. Rf1 {[%emt 0:00:14]} Qe5 {[%emt 0:00:04]} 30. Qxe5 {[%emt 0:00:20]} Rxe5 {[%emt 0:00:02]} 31. Kf2 {[%emt 0:00:15]} f4 {[%emt 0:00:38]} 32. Re1 {[%emt 0:05:45]} Rxe1 {[%emt 0:00:12]} 33. Kxe1 {[%emt 0:00:07]} Bf5 {[%emt 0:00:24]} 34. Kf2 {[%emt 0:00:50]} Bd3 {[%emt 0:04:20]} 35. b3 {[%emt 0:00:16]} g4 {[%emt 0:05:11]} 36. Ne2 {[%emt 0:01:18]} Bb1 {[%emt 0:00:13]} 37. Nc3 {[%emt 0:01:18]} Bd3 {[%emt 0:00:38]} 38. Ne2 {[%emt 0:00:59]} Bb1 {[%emt 0:01:38]} 39. a3 {[%emt 0:01:21]} Ba2 {[%emt 0:01:15]} 40. Nc1 {[%emt 0:02:26]} Bb1 {[%emt 0:00:03]} 41. Ne2 {[%emt 0:33:26]} Ba2 {[%emt 0:01:56]} 42. b4 {[%emt 0:00:00]} g3+ {[%emt 0:08:45]} 43. hxg3 {[%emt 0:00:00]} fxg3+ {[%emt 0:00:04]} 44. Kxg3 {[%emt 0:00:00]} Bxc4 {[%emt 0:00:05]} 45. Nc3 {[%emt 0:00:00]} Kc8 {[%emt 0:04:43]} 46. Kf4 {[%emt 0:00:00]} Kd7 {[%emt 0:00:34]} 47. Ke5 {[%emt 0:00:00]} Ke7 {[%emt 0:02:12]} 48. Ne4 {[%emt 0:00:00]} Bd3 {[%emt 0:03:14]} 49. Ng5 {[%emt 0:00:00]} Bc2 {[%emt 0:01:35]} 50. Ne6 {[%emt 0:00:00]} Kd7 {[%emt 0:00:10]} 51. g3 {[%emt 0:00:00]} Bd3 {[%emt 0:01:32]} 52. Nd4 {[%emt 0:00:00]} Ke7 {[%emt 0:03:57]} 53. g4 {[%emt 0:00:00]} Bb1 {[%emt 0:01:27]} 54. g5 {[%emt 0:00:00]} Bd3 {[%emt 0:00:11]} 55. Nc6+ {[%emt 0:00:35]} Kd7 {[%emt 0:01:00]} 56. Kd4 {[%emt 0:00:49]} Bf1 {[%emt 0:00:27]} 57. Ne5+ {[%emt 0:00:29]} Kd6 {[%emt 0:01:41]} 58. Ng4 {[%emt 0:00:11]} Bh3 {[%emt 0:00:12]} 59. Nf6 {[%emt 0:00:48]} Bf5 {[%emt 0:00:10]} 60. Ne4+ {[%emt 0:01:47]} Kd7 {[%emt 0:01:14]} 61. Ke5 {[%emt 0:00:18]} Bg6 {[%emt 0:00:05]} 62. a4 {[%emt 0:00:44]} a5 {[%emt 0:01:19]} 63. bxa5 {[%emt 0:00:50]} bxa5 {[%emt 0:00:04]} 64. Nc5+ {[%emt 0:00:37]} Ke7 {[%emt 0:00:13]} 65. Ne6 {[%emt 0:01:56]} Bc2 {[%emt 0:01:43]} 66. Nc5 {[%emt 0:00:35]} Bd1 {[%emt 0:00:38]} 67. Nb7 {[%emt 0:00:37]} Bxa4 {[%emt 0:00:06]} 68. Nxa5 {[%emt 0:00:06]} Kf7 {[%emt 0:00:43]} 69. Nc4 {[%emt 0:00:28]} Kg6 {[%emt 0:00:33]} 70. Kf4 {[%emt 0:00:22]} Bb3 {[%emt 0:00:15]} 71. Ne3 {[%emt 0:00:37]} h6 {[%emt 0:00:45]} 1/2-1/2

[Event "CZE Extraliga 2019-20"]
[Site "Czech Republic"]
[Date "2019.11.30"]
[Round "3.5"]
[White "Frolov, Artur"]
[Black "Pechac, Jergus"]
[Result "1/2-1/2"]
[WhiteElo "2425"]
[BlackElo "2489"]
[Annotator "ChessBase"]
[PlyCount "86"]
[EventDate "2019.09.15"]
[EventType "team-tourn"]
[EventCountry "CZE"]
[SourceTitle "playchess.com"]
[Source "ChessBase"]
[SourceQuality "1"]
[WhiteTeam "Praha"]
[BlackTeam "Pardubice"]
[TimeControl "40/5400+30:1800+30"]

1. e4 {[%emt 0:00:00]} e5 {[%emt 0:01:24]} 2. Nf3 {[%emt 0:00:00]} Nc6 {[%emt 0:00:07]} 3. Bb5 {[%emt 0:00:00]} Nd4 {[%emt 0:02:14]} 4. Nxd4 {[%emt 0:00:03]} exd4 {[%emt 0:00:04]} 5. O-O {[%emt 0:00:08]} g6 {[%emt 0:01:00]} 6. Re1 {[%emt 0:02:51]} Bg7 {[%emt 0:00:25]} 7. c3 {[%emt 0:03:51]} Ne7 {[%emt 0:00:27]} 8. cxd4 {[%emt 0:02:18]} Bxd4 {[%emt 0:00:05]} 9. Nc3 {[%emt 0:01:13]} O-O {[%emt 0:00:26]} 10. d3 {[%emt 0:01:46]} Bg7 {[%emt 0:02:54]} 11. Bg5 {[%emt 0:01:08]} h6 {[%emt 0:02:15]} 12. Bh4 {[%emt 0:00:44]} c6 {[%emt 0:00:33]} 13. Ba4 {[%emt 0:06:04]} g5 {[%emt 0:02:35]} 14. Bg3 {[%emt 0:00:04]} d5 {[%emt 0:00:33]} 15. exd5 {[%emt 0:12:54]} Nxd5 {[%emt 0:00:51]} 16. Nxd5 {[%emt 0:00:47]} Qxd5 {[%emt 0:01:56]} 17. Bb3 {[%emt 0:01:12]} Qd4 {[%emt 0:01:34]} 18. Re7 {[%emt 0:02:06]} Qxb2 {[%emt 0:12:21]} 19. Rb1 {[%emt 0:00:48]} Qf6 {[%emt 0:02:58]} 20. Rc7 {[%emt 0:01:07]} b6 {[%emt 0:04:39]} 21. Rc1 {[%emt 0:07:25]} Be6 {[%emt 0:02:52]} 22. R1xc6 {[%emt 0:02:26]} Bxb3 {[%emt 0:02:01]} 23. axb3 {[%emt 0:01:07]} Qf5 {[%emt 0:01:58]} 24. Qf3 {[%emt 0:28:37]} Qxf3 {[%emt 0:03:24]} 25. gxf3 {[%emt 0:00:41]} Rfd8 {[%emt 0:01:05]} 26. Bd6 {[%emt 0:00:35]} Bb2 {[%emt 0:15:12]} 27. Kg2 {[%emt 0:03:01]} Kg7 {[%emt 0:02:46]} 28. Rb7 {[%emt 0:04:18]} h5 {[%emt 0:00:25]} 29. h4 {[%emt 0:00:30]} gxh4 {[%emt 0:00:55]} 30. f4 {[%emt 0:00:33]} Bf6 {[%emt 0:03:55]} 31. Be5 {[%emt 0:04:38]} Bxe5 {[%emt 0:00:33]} 32. fxe5 {[%emt 0:00:02]} Rxd3 {[%emt 0:00:11]} 33. Rf6 {[%emt 0:02:05]} Rf8 {[%emt 0:00:37]} 34. Rf4 {[%emt 0:04:56]} Kg6 {[%emt 0:04:11]} 35. Rf6+ {[%emt 0:00:10]} Kg5 {[%emt 0:02:05]} 36. Rbxf7 {[%emt 0:01:10]} Rxf7 {[%emt 0:08:49]} 37. Rxf7 {[%emt 0:00:06]} Rxb3 {[%emt 0:00:33]} 38. e6 {[%emt 0:02:03]} Rb2 {[%emt 0:00:17]} 39. Kh3 {[%emt 0:01:13]} Rb3+ {[%emt 0:00:11]} 40. Kg2 {[%emt 0:00:04]} Rb2 {[%emt 0:00:07]} 41. Kh3 {[%emt 0:31:43]} Rb3+ {[%emt 0:30:09]} 42. Kg2 {[%emt 0:00:17]} Rb2 {[%emt 0:00:07]} 43. Kh3 {[%emt 0:00:47]} Rb3+ {[%emt 0:00:07]} 1/2-1/2

[Event "CZE Extraliga 2019-20"]
[Site "Czech Republic"]
[Date "2019.11.30"]
[Round "3.5"]
[White "Hollan, Martin"]
[Black "Biolek, Richard Jr."]
[Result "0-1"]
[WhiteElo "2403"]
[BlackElo "2454"]
[Annotator "ChessBase"]
[PlyCount "80"]
[EventDate "2019.09.15"]
[EventType "team-tourn"]
[EventCountry "CZE"]
[SourceTitle "playchess.com"]
[Source "ChessBase"]
[SourceQuality "1"]
[WhiteTeam "Kromeriz"]
[BlackTeam "Poruba"]
[TimeControl "40/5400+30:1800+30"]

1. c4 {[%emt 0:00:00]} f5 {[%emt 0:00:00]} 2. d4 {[%emt 0:00:00]} e6 {[%emt 0:00:05]} 3. Nf3 {[%emt 0:00:08]} Nf6 {[%emt 0:00:05]} 4. g3 {[%emt 0:00:09]} d5 {[%emt 0:00:15]} 5. Bg2 {[%emt 0:00:11]} c6 {[%emt 0:00:04]} 6. O-O {[%emt 0:00:45]} Bd6 {[%emt 0:00:03]} 7. b3 {[%emt 0:04:03]} Qe7 {[%emt 0:00:12]} 8. a4 {[%emt 0:00:49]} a5 {[%emt 0:02:25]} 9. Ba3 {[%emt 0:00:35]} Bxa3 {[%emt 0:01:05]} 10. Nxa3 {[%emt 0:00:41]} O-O {[%emt 0:06:22]} 11. Nc2 {[%emt 0:04:12]} Nbd7 {[%emt 0:03:50]} 12. Nce1 {[%emt 0:07:08]} dxc4 {[%emt 0:10:28]} 13. bxc4 {[%emt 0:00:11]} e5 {[%emt 0:00:02]} 14. dxe5 {[%emt 0:07:26]} Nxe5 {[%emt 0:00:08]} 15. Nxe5 {[%emt 0:00:06]} Qxe5 {[%emt 0:00:05]} 16. Nd3 {[%emt 0:00:09]} Qe7 {[%emt 0:00:53]} 17. Qc2 {[%emt 0:00:12]} Ne4 {[%emt 0:16:46]} 18. Rab1 {[%emt 0:05:36]} Be6 {[%emt 0:14:36]} 19. Rfc1 {[%emt 0:17:53]} Rae8 {[%emt 0:12:47]} 20. Qb2 {[%emt 0:09:05]} Bc8 {[%emt 0:00:13]} 21. Rc2 {[%emt 0:01:39]} f4 {[%emt 0:09:01]} 22. Qb6 {[%emt 0:10:14]} fxg3 {[%emt 0:01:56]} 23. hxg3 {[%emt 0:01:34]} Qg5 {[%emt 0:06:39]} 24. Qd4 {[%emt 0:17:30]} Nf6 {[%emt 0:00:05]} 25. Qc5 {[%emt 0:03:46]} Qh6 {[%emt 0:01:17]} 26. Bf3 {[%emt 0:00:16]} Ng4 {[%emt 0:05:28]} 27. Bxg4 {[%emt 0:00:42]} Bxg4 {[%emt 0:00:02]} 28. f4 {[%emt 0:07:09]} Rf5 {[%emt 0:03:50]} 29. Ne5 {[%emt 0:01:25]} Rexe5 {[%emt 0:02:21]} 30. fxe5 {[%emt 0:00:05]} Rh5 {[%emt 0:00:05]} 31. Rf1 {[%emt 0:01:18]} Rh1+ {[%emt 0:00:34]} 32. Kf2 {[%emt 0:00:05]} Qh2+ {[%emt 0:00:15]} 33. Ke1 {[%emt 0:00:14]} Rxf1+ {[%emt 0:00:47]} 34. Kxf1 {[%emt 0:00:04]} Qxg3 {[%emt 0:00:06]} 35. Qf2 {[%emt 0:00:36]} Qxe5 {[%emt 0:03:10]} 36. Rd2 {[%emt 0:00:28]} h5 {[%emt 0:00:54]} 37. Rd8+ {[%emt 0:01:30]} Kh7 {[%emt 0:00:01]} 38. e3 {[%emt 0:00:33]} Qe4 {[%emt 0:00:52]} 39. Qf4 {[%emt 0:00:30]} Qh1+ {[%emt 0:00:05]} 40. Kf2 {[%emt 0:00:07]} Qh4+ {[%emt 0:00:01] Rd3} 0-1

[Event "CZE Extraliga 2019-20"]
[Site "Czech Republic"]
[Date "2019.11.30"]
[Round "3.5"]
[White "Szotkowski, Jakub"]
[Black "Malik, Jan"]
[Result "1/2-1/2"]
[WhiteElo "2388"]
[BlackElo "2291"]
[Annotator "NA"]
[PlyCount "91"]
[EventDate "2019.09.15"]
[EventType "team-tourn"]
[EventCountry "CZE"]
[SourceTitle "playchess.com"]
[Source "ChessBase"]
[SourceQuality "1"]
[WhiteTeam "Frydek-Mistek"]
[BlackTeam "Ostrava"]
[TimeControl "40/5400+30:1800+30"]

1. d4 {[%emt 0:00:00]} d5 {[%emt 0:00:00]} 2. c4 {[%emt 0:00:00]} c6 {[%emt 0:00:00]} 3. Nf3 {[%emt 0:00:21]} Nf6 {[%emt 0:00:35]} 4. Nc3 {[%emt 0:01:45]} e6 {[%emt 0:01:06]} 5. e3 {[%emt 0:08:00]} Nbd7 {[%emt 0:01:05]} 6. Be2 {[%emt 0:04:33]} dxc4 {[%emt 0:03:09]} 7. Bxc4 {[%emt 0:00:25]} b5 {[%emt 0:00:06]} 8. Be2 {[%emt 0:00:46]} Bb7 {[%emt 0:03:44]} 9. O-O {[%emt 0:00:20]} Bd6 {[%emt 0:01:21]} 10. b3 {[%emt 0:07:00]} O-O {[%emt 0:00:39]} 11. Bb2 {[%emt 0:00:15]} a6 {[%emt 0:01:49]} 12. a4 {[%emt 0:04:17]} b4 {[%emt 0:01:13]} 13. Nb1 $1 {[%emt 0:00:58]} c5 {[%emt 0:00:24]} 14. Nbd2 $11 {[%emt 0:03:03]} Ne4 {[%emt 0:10:32]} 15. Nxe4 {[%emt 0:07:18]} Bxe4 {[%emt 0:00:50]} 16. Rc1 {[%emt 0:01:35]} Qe7 {[%emt 0:05:50]} 17. Nd2 {[%emt 0:15:03]} Bd5 {[%emt 0:08:30]} 18. Bf3 {[%emt 0:05:05]} Bxf3 {[%emt 0:01:07]} 19. Nxf3 {[%emt 0:01:59]} Rfc8 {[%emt 0:03:03]} 20. d5 {[%emt 0:06:27]} Nb6 {[%emt 0:07:08]} 21. dxe6 {[%emt 0:06:55]} Qxe6 {[%emt 0:00:40]} 22. g3 {[%emt 0:02:09]} Be7 {[%emt 0:02:19]} 23. a5 {[%emt 0:04:31]} Nd5 {[%emt 0:03:00]} 24. Rc4 {[%emt 0:02:06]} Ra7 {[%emt 0:06:40]} 25. Qc2 {[%emt 0:01:40]} Rd7 {[%emt 0:02:11]} 26. e4 {[%emt 0:04:35]} Nc7 {[%emt 0:06:32]} 27. Ne5 {[%emt 0:01:41]} Rdd8 {[%emt 0:00:43]} 28. Nd3 {[%emt 0:01:23]} Nb5 {[%emt 0:06:41]} 29. Nf4 {[%emt 0:01:15]} Qc6 {[%emt 0:05:45]} 30. Nd5 {[%emt 0:00:52]} Bf8 {[%emt 0:00:02]} 31. Nxb4 {[%emt 0:02:47]} Qb7 {[%emt 0:00:52]} 32. Nd5 {[%emt 0:02:01]} Nd6 {[%emt 0:00:56]} 33. Ra4 {[%emt 0:01:08]} Nxe4 {[%emt 0:05:02]} 34. Rxe4 {[%emt 0:00:07]} Qxd5 {[%emt 0:00:22]} 35. Rc1 {[%emt 0:02:50]} Rb8 {[%emt 0:01:52]} 36. Rc4 {[%emt 0:00:23]} Qd3 {[%emt 0:00:49]} 37. Ba3 {[%emt 0:01:04]} Qxc2 {[%emt 0:02:14]} 38. R1xc2 {[%emt 0:00:12]} Rxb3 {[%emt 0:00:47]} 39. Bxc5 {[%emt 0:00:06]} Bxc5 {[%emt 0:00:55]} 40. Rxc5 {[%emt 0:00:07]} Ra3 {[%emt 0:00:18]} 41. Rd2 {[%emt 0:04:26]} Ra8 {[%emt 0:00:14]} 42. Rd6 {[%emt 0:03:09]} g6 {[%emt 0:02:23]} 43. h4 {[%emt 0:00:14]} h5 {[%emt 0:00:17]} 44. Kg2 {[%emt 0:00:05]} Ra7 {[%emt 0:01:06]} 45. Rb6 {[%emt 0:07:06]} Kg7 {[%emt 0:00:23]} 46. Rd5 1/2-1/2

[Event "CZE Extraliga 2019-20"]
[Site "Czech Republic"]
[Date "2019.11.30"]
[Round "3.6"]
[White "Petr, Martin"]
[Black "Burdalev, Kirill"]
[Result "1-0"]
[WhiteElo "2460"]
[BlackElo "2406"]
[Annotator "TA"]
[PlyCount "167"]
[EventDate "2019.09.15"]
[EventType "team-tourn"]
[EventCountry "CZE"]
[SourceTitle "playchess.com"]
[Source "ChessBase"]
[SourceQuality "1"]
[WhiteTeam "Pardubice"]
[BlackTeam "Praha"]

{[%evp 18,167,13,8,25,31,30,0,8,0,13,-8,21,10,16,7,0,4,5,0,0,0,0,0,0,0,0,0,12,6,6,6,19,21,21,21,14,15,16,17,32,31,34,33,34,26,15,22,28,13,9,0,8,0,28,28,38,9,28,19,31,0,26,0,25,35,35,0,33,9,79,87,88,88,104,102,128,128,128,122,122,122,122,122,122,122,142,142,142,114,189,168,162,172,183,167,180,0,142,142,142,142,142,142,142,142,232,125,110,0,91,70,72,60,60,59,59,25,59,59,52,52,3406,3121,3226,2943,2643,2221,2458,2386,1706,1381,29964,5622,29975,29975,29976,29977,29976,29978,29978,29979,29980,29981,29981,29982,29982,29983,29983,29984,29984,29984]} 1. Nf3 Nf6 2. g3 b6 3. Bg2 Bb7 4. O-O e6 5. c4 Be7 6. Nc3 O-O 7. Re1 d5 8. cxd5 Nxd5 9. e4 Nxc3 10. bxc3 Nc6 {A17: English Opening: 1...Nf6 with ...Bb4} (10... c5 11. d4 Re8 12. d5 exd5 13. exd5 Nd7 14. Nd2 Bf8 15. Rxe8 Qxe8 16. c4 b5 17. cxb5 Nb6 18. a4 Bxd5 19. Bxd5 Nxd5 {½-½ (68) Wei,Y (2742)-Eljanov,P (2703) Batumi 2018}) 11. d4 Re8 12. Bf4 Na5 {The position is equal.} 13. h4 Bd6 14. Bg5 $146 ({Predecessor:} 14. Ne5 f6 15. Nd3 Bxf4 16. Nxf4 e5 17. Ne2 exd4 18. Nxd4 {½-½ (41) Omelja,A (2187)-Melnichuk,M (2280) Lubin 2009}) 14... Be7 15. Qd3 h6 16. Bf4 Bd6 17. Be3 c5 18. d5 exd5 19. exd5 Qd7 20. c4 Qa4 21. Rec1 Ba6 {[%cal Ra6c4]} 22. Bf1 Re7 23. Bd2 Rae8 24. Qc2 Qxc2 25. Rxc2 Bc8 26. Bd3 Nb7 27. a4 Bc7 28. Kg2 h5 29. Ra3 Bd7 30. Ng5 g6 31. Nf3 Kg7 32. Bc3+ f6 33. Bd2 Kf7 34. Ng1 Bg4 35. Nh3 Bd7 36. Rc1 Be5 37. Rb1 Bc7 38. Nf4 Rg8 39. Kg1 Bc8 40. Ra2 Ree8 41. Kg2 Re7 42. Ne2 Bd7 43. Nc3 Nd6 (43... Bf5 $11 44. Bxf5 gxf5) 44. Nb5 $16 Bxb5 45. axb5 Bb8 46. Bf4 Rd8 47. Rba1 Kg7 48. Kf3 Rdd7 49. Rg1 f5 50. Raa1 Re8 51. Rge1 Kf7 52. Bg5 Rxe1 53. Rxe1 Kf8 (53... Ne8 $16 54. Re6 Bc7) 54. Re6 $18 Nf7 55. Bf6 Bc7 56. Ke3 Nh6 57. Kf3 $2 ({White should try} 57. Be2 $18) 57... Ng4 (57... Nf7 $1 $11) 58. Bg5 $1 $16 Kf7 59. Kg2 {Threatens to win with f3.} Bd8 60. f3 Nf6 61. Rc6 Ne8 {[#]} (61... Be7 $16 {was necessary.} 62. Bf4 Bf8) 62. Bf4 ({Better is} 62. g4 $1 $18) 62... Bc7 63. Bg5 ({White should play} 63. Bxc7 $16 Rxc7 64. Rxc7+ Nxc7 65. g4) 63... Rd6 (63... Bd8 $1 $11 {keeps the balance.}) 64. Be2 Rxc6 65. dxc6 $14 {[%mdl 4096] Endgame KBB-KBN} Ng7 66. g4 Ne6 67. gxh5 gxh5 68. f4 Kg6 69. Kg3 Nxg5 $2 {[%mdl 8192]} (69... Bd6 $14) 70. hxg5 {KB-KB} h4+ 71. Kxh4 Bxf4 72. Bh5+ Kg7 73. Be8 Bd6 {[#]} 74. Kh5 $1 Bc7 75. Bg6 f4 76. Be4 {White mates.} Bd6 77. Kg4 Kf7 78. Kf5 Bc7 79. Bd5+ Kg7 80. Ke6 Kg6 81. Kd7 Be5 82. c7 Bxc7 83. Kxc7 Kxg5 84. Kb7 {Accuracy: White = 64%, Black = 46%.} 1-0